00423nam a2200157Ia 45000010006000000050017000060080041000230410008000640820016000721000046000882450078001342600009002123000028002216500008002496540008002572012120260306172743.0260306t2004||||xx |||||||||||||| ||spa|| aESP a342.51bG23 aGarcía Calderón Moreyra, GonzaloeAUT 0aEl arbitraje internacional:bprocedimiento de solución de controversias c2004 a266 páginas :c23 cm. aGEN aCDE